| 000 | 01877cam a22005417i 4500 | ||
|---|---|---|---|
| 001 | 18970567 | ||
| 003 | SISC | ||
| 005 | 20170508165748.0 | ||
| 008 | 160210t20162016caua b 001 0 eng | ||
| 010 | _a 2016933144 | ||
| 016 | 7 |
_a101686471 _2DNLM |
|
| 020 | _a9781473906594 | ||
| 020 | _a1473906598 | ||
| 020 | _a9781473906600 | ||
| 020 | _a1473906601 | ||
| 035 | _a(OCoLC)ocn931644280 | ||
| 040 |
_aNLM _beng _cNLM _erda _dBTCTA _dBDX _dUKUOY _dYDXCP _dOCLCF _dUAB _dWVU _dYDX _dDLC |
||
| 042 |
_anlmcopyc _alccopycat |
||
| 050 | 0 | 0 |
_aRM 300 _b.As75 2016 |
| 060 | 0 | 0 | _a2016 F-453 |
| 060 | 1 | 0 | _aQZ 140 |
| 082 | 0 | 4 | _a616.07 |
| 100 | 1 |
_aAshelford, Sarah, _eauthor. |
|
| 245 | 1 | 0 |
_aPathophysiology & pharmacology for nursing students / _cSarah Ashelford, Justine Raynsford, Vanessa Taylor. |
| 246 | 3 | _aPathophysiology and pharmacology for nursing students | |
| 260 |
_aUK : _bSAGE, _c2016. |
||
| 300 |
_ax, 329 pages : _billustrations ; _c25 cm. |
||
| 490 | 1 | _aTransforming nursing practice | |
| 500 | _a"Meeting the NMC standards and essentials skills clusters"--Cover. | ||
| 500 | _aIncludes bibliographical references and index. | ||
| 650 | 0 | _aPharmacology. | |
| 650 | 0 | _aPhysiology, Pathological. | |
| 650 | 0 | _aNursing. | |
| 650 | 1 | 2 |
_aPathologic Processes _xphysiopathology |
| 650 | 1 | 2 | _aPharmacology |
| 650 | 2 | 2 | _aDrug Therapy |
| 650 | 7 |
_aNursing. _2fast |
|
| 650 | 7 |
_aPharmacology. _2fast |
|
| 650 | 7 |
_aPhysiology, Pathological. _2fast |
|
| 655 | 2 | _aNurses' Instruction | |
| 700 | 1 |
_aRaynsford, Justine, _eauthor. |
|
| 700 | 1 |
_aTaylor, Vanessa _q(Vanessa Alison), _eauthor. |
|
| 830 | 0 | _aTransforming nursing practice. | |
| 906 |
_a7 _bcbc _ccopycat _d2 _eepcn _f20 _gy-gencatlg |
||
| 942 |
_2lcc _cBK |
||
| 999 |
_c329835 _d329835 |
||